| Registos Bibliográficos associados ao registo de autoridade |
|
Etiqueta de registo: 00000nam 2200025 450 001 2283094 003 http://id.bnportugal.gov.pt/bib/catbnp/2283094 010 ## $a978-630-6676-22-4 100 ## $a20260327d2025 m y0pory01030103ba 101 1# $arum$cpor 102 ## $aRO 105 ## $ay z 000yy 106 ## $ar 200 1# $aTipa asta e dusÆa!$fYara Nakahanda Monteiro$gtrad. din. lb. portughezÆa Ñsi note de Iolanda FrandeÑs-Vasile 210 #9 $aValea Lupului$cAlice Books,$d2025 215 ## $a217, [6] p.$d20 cm 304 ## $aTít. orig.: Essa dama bate bué! 700 #1 $aMonteiro,$bYara,$f1979-$31764728 702 #1 $aFrandeÑs-Vasile,$bIolanda$4730$32001041 801 #0 $aPT$bBN$gRPC 966 ## $lBN$mFGMON$pDGLAB$x3 971 ## $cssilva$d20260618 975 ## $e0$d20260619$viquintas
|
|
|